Normal view
MARC view
- SPIEGEL,ROSS MEADOWS DRU
Entry Personal Name
001 - CONTROL NUMBER
- control field: 90187
003 - CONTROL NUMBER IDENTIFIER
- control field: NUST
005 - DATE AND TIME OF LATEST TRANSACTION
- control field: 20220303144350.0
008 - FIXED-LENGTH DATA ELEMENTS
- fixed length control field: 220303|| aca||aabn | a|a d
040 ## - CATALOGING SOURCE
- Original cataloging agency: NUST
- Transcribing agency: NUST
100 ## - HEADING--PERSONAL NAME
- Personal name: SPIEGEL,ROSS MEADOWS DRU
670 ## - SOURCE DATA FOUND
- Source citation: Work cat.: (NUST): SPIEGEL,ROSS MEADOWS DRU., GREEN BUILDING MATERIALS A GUIDE TO PRODUCT /, 1999.
